000 00643nam a2200265Ia 4500
005 20260121170728.0
008 008 260114s9999 xx 000 0 eng d
020 _a9789811321436
037 _aEBOOK
040 _aCRL
040 _beng
040 _cCRL
041 _2eng
041 _aeng
084 _qCRL
100 _aNarelle Lemon, Sharon McDonough
_91067440
245 0 _aMindfulness in the Academy
260 _bSpringer
260 _bSpringer
260 _c2018
856 _uhttps://link.springer.com/openurl?genre=book&isbn=978-981-13-2143-6
942 _cEBOOK
999 _c1633170
_d1633170